000 00839cam a2200229Ii 4500
999 _c2200
_d2200
001 6009194
003 OSt
005 20181009165811.0
008 901220n tnua 000 0 eng u
020 _a0879810351
035 _a0008-53960
040 _cDLC
082 _aREF 220.3
_bS642S
090 _aBS440
_b.S6
100 1 _aSmith, William,
_cSir,
_d1813-1893
245 1 0 _aSmith's Bible dictionary :
_bincluding Four thousand questions and answers on the Old and New Testaments; A history of the books of the Bible; Analytical and comparative concordance /
_ccompiled from Dr. William Smith's Dictionary of the Bible
250 _aRev. ed.
_bwith maps and five hundred illustrations
260 _aNashville :
_bA. J. Holman Company,
_c[n.d.]
300 _a786 p. :
_bill. ;
_c24 cm
630 0 0 _aBible
_xDictionaries
942 _2ddc
_cREF